000 00673nam a22002057a 4500
003 OSt
005 20251215090817.0
008 251215b |||||||| |||| 00| 0 eng d
020 _a1-56052-522-3.
040 _aDWCL-Main lib
_cOC
082 _2Revised ed.
_aGR. 651.3 P771o 2005
100 _aPollar, Odette
245 _aOrganizing your work space :
_ba guide to personal productivity
_cPollar, Odette
260 _aBoston :
_bNETg,
_cc2005.
300 _ax, 110 pages :
_billustration ;
_c25 cm.
650 _21. Paperwork (Office practice)-Management.
650 _22. Records-Management.
650 _23. Time management.
942 _2ddc
_cGR
_eRevised edition
_kGR.
_n0
999 _c7099
_d7099